000 00782nam a2200217Ii 4500
003 JO-AjNU
008 230605s9999||||xx |||||||||||||| ||und||
017 _a2004/9/2463
040 _aJO-AjNU
_bara
_erda
_cJO-AjNU
041 _aara
050 1 4 _aUG447.A28 2004
100 3 _aتاليف ابو زيد، محمد احمد زعل ,
_eauthor
_924721
245 0 0 _aالاسلحة الكيماوية وكيفية التحقق من وجودها بالاجهزة المخبرية الحديثة
250 _aط1
264 3 1 _aعمان: المؤلف، 2004
300 _a265ص
336 _atext
_btxt
_2rdacontent
337 _aunmediated
_bn
_2rdamedia
338 _avolume
_bnc
_2rdacarrier
650 4 _aالاسلحة الكيميائية -استخدام الاسلحة
_924722
999 _aA9150
_c12718
_d12718